[Event "SVK-ch U16 Girls"]
[Site "Dudince"]
[Date "2023.04.19"]
[Round "5"]
[White "Jancovicova, Tamara"]
[Black "Jursova, Elena"]
[Result "1-0"]
[WhiteElo "1196"]
[BlackElo "1287"]
[PlyCount "133"]
[EventDate "2023.04.16"]
[EventType "swiss"]
[EventRounds "9"]
[EventCountry "SVK"]
[SourceTitle "CBM 213 Extra"]
[Source "ChessBase"]
[SourceDate "2023.05.31"]
[SourceVersion "1"]
[SourceVersionDate "2023.05.31"]
[SourceQuality "1"]

1. e4 c5 2. c3 Nf6 3. e5 Nd5 4. d4 cxd4 5. cxd4 Nc6 6. Nf3 e6 7. Bc4 Be7 8. 0-0 0-0 9. Qd3 Nb6 10. Bb3 d6 11. Bc2 g6 12. Bh6 Re8 13. exd6 Qxd6 14. Nc3 Nb4 15. Qe2 Nxc2 16. Qxc2 Bf8 17. Qd2 Bg7 18. Ne4 Qe7 19. Qf4 Nd5 20. Qg5 Qxg5 21. Bxg5 b6 22. Rac1 Ba6 23. Rfe1 h6 24. Bd2 Rad8 25. Rcd1 Re7 26. a3 Rc7 27. Nc3 Nxc3 28. Bxc3 Bb7 29. Ne5 Rd5 30. Rd2 a5 31. a4 b5 32. Bxa5 Rc8 33. axb5 Rxb5 34. Bc3 Bd5 35. h3 Rb7 36. f3 Bf6 37. Rd3 Bh4 38. Ra1 Bf6 39. b4 Bxe5 40. dxe5 Bc4 41. Rd4 Bb5 42. Be1 Kf8 43. Rb1 Rc4 44. Rxc4 Bxc4 45. Bf2 Ke8 46. Bc5 Bb5 47. Rd1 Rd7 48. Rxd7 Kxd7 49. Kf2 Kc6 50. Ke3 Kd5 51. f4 Bf1 52. Kf3 h5 53. h4 Bb5 54. g4 Bd3 55. gxh5 gxh5 56. Ke3 Bb5 57. Kd2 Ke4 58. Kc3 Kxf4 59. Kd4 Bd7 60. Be7 Be8 61. Bf6 Bc6 62. Kc5 Bd5 63. b5 Kf5 64. b6 Kg6 65. Kd6 Kh7 66. Kc7 Kg6 67. b7 1-0

[Event "SVK-ch U16 Girls"]
[Site "Dudince"]
[Date "2023.04.18"]
[Round "4"]
[White "Hudakova, Nina"]
[Black "Jancovicova, Tamara"]
[Result "1-0"]
[WhiteElo "1112"]
[BlackElo "1196"]
[PlyCount "97"]
[EventDate "2023.04.16"]
[EventType "swiss"]
[EventRounds "9"]
[EventCountry "SVK"]
[SourceTitle "CBM 213 Extra"]
[Source "ChessBase"]
[SourceDate "2023.05.31"]
[SourceVersion "1"]
[SourceVersionDate "2023.05.31"]
[SourceQuality "1"]

1. Nf3 Nf6 2. d4 d5 3. Bf4 Nc6 4. e3 e6 5. Bd3 Bd6 6. Bg3 Qe7 7. c4 dxc4 8. Bxc4 0-0 9. 0-0 e5 10. dxe5 Nxe5 11. Nxe5 Bxe5 12. Bxe5 Qxe5 13. Nc3 Ng4 14. g3 Qh5 15. h4 Qg6 16. Nd5 Qe4 17. Bd3 Qe5 18. Rc1 c6 19. Nc3 Be6 20. Ne4 Rad8 21. b3 h6 22. Qe2 Bf5 23. Rc5 Qe6 24. f3 Ne5 25. Bc4 Nxc4 26. Rxc4 Rd7 27. Nc5 Qd6 28. Nxd7 Qxd7 29. e4 Re8 30. Rd1 Qc7 31. Kg2 Be6 32. Rcd4 c5 33. R4d2 b6 34. f4 Kh8 35. Qb5 Rg8 36. f5 Bc8 37. g4 Bb7 38. Kf3 Kh7 39. g5 Qe5 40. Qc4 Qxf5+ 41. Kg3 Bxe4 42. Rf2 Qe5+ 43. Rf4 hxg5 44. Qxe4+ Qxe4 45. Rxe4 gxh4+ 46. Rxh4+ Kg6 47. Rd7 Ra8 48. Rg4+ Kf6 49. Rf4+ 1-0

[Event "SVK-ch U16 Girls"]
[Site "Dudince"]
[Date "2023.04.17"]
[Round "2"]
[White "Mendelova, Adela"]
[Black "Jancovicova, Tamara"]
[Result "1/2-1/2"]
[WhiteElo "1227"]
[BlackElo "1196"]
[PlyCount "66"]
[EventDate "2023.04.16"]
[EventType "swiss"]
[EventRounds "9"]
[EventCountry "SVK"]
[SourceTitle "CBM 213 Extra"]
[Source "ChessBase"]
[SourceDate "2023.05.31"]
[SourceVersion "1"]
[SourceVersionDate "2023.05.31"]
[SourceQuality "1"]

1. d4 d5 2. Bf4 Nf6 3. Nf3 Nc6 4. e3 Bg4 5. Nbd2 e6 6. Bd3 Bd6 7. Bg3 0-0 8. c3 Re8 9. Qc2 Ne7 10. Ne5 Bf5 11. f4 c5 12. Bxf5 Nxf5 13. Bf2 Rc8 14. h3 cxd4 15. exd4 Nd7 16. g4 Ne7 17. Be3 f6 18. Nxd7 Qxd7 19. Nf3 Nc6 20. 0-0 e5 21. fxe5 fxe5 22. Ng5 e4 23. Rf7 Qd8 24. Rxb7 Re7 25. Rxe7 Qxe7 26. Rf1 Nxd4 27. Bxd4 Qxg5 28. Rf5 Qh4 29. Qg2 Qe1+ 30. Qf1 Qxf1+ 31. Kxf1 Rf8 32. Rxf8+ Kxf8 33. Ke2 a6 1/2-1/2

[Event "SVK-ch U16 Girls"]
[Site "Dudince"]
[Date "2023.04.16"]
[Round "1"]
[White "Jancovicova, Tamara"]
[Black "Pechociakova, Petra"]
[Result "1/2-1/2"]
[WhiteElo "1196"]
[BlackElo "1169"]
[PlyCount "68"]
[EventDate "2023.04.16"]
[EventType "swiss"]
[EventRounds "9"]
[EventCountry "SVK"]
[SourceTitle "CBM 213 Extra"]
[Source "ChessBase"]
[SourceDate "2023.05.31"]
[SourceVersion "1"]
[SourceVersionDate "2023.05.31"]
[SourceQuality "1"]

1. e4 e6 2. d4 d5 3. e5 Nc6 4. Nf3 a6 5. Be2 Bb4+ 6. Bd2 Bxd2+ 7. Qxd2 Nge7 8. 0-0 0-0 9. Nc3 Nf5 10. Nd1 f6 11. exf6 Qxf6 12. c3 Nce7 13. Ne3 Nh4 14. Ng4 Nxf3+ 15. Bxf3 Qf5 16. Ne5 Ng6 17. Rfe1 Nxe5 18. Rxe5 Qg6 19. Rg5 Qf6 20. Rg3 Bd7 21. Re1 Rae8 22. Re5 h6 23. Rh5 Kh7 24. Qd3+ Kh8 25. Rg6 Qe7 26. Qe3 Rf6 27. Rg3 Ref8 28. Rgh3 Be8 29. R5h4 Qd7 30. Bh5 Qa4 31. Bg4 Qc2 32. Qe2 Qxe2 33. Bxe2 Rxf2 34. Re3 Kh7 1/2-1/2

[Event "SVK-chT3A2 2122"]
[Site "Slovakia"]
[Date "2022.02.27"]
[Round "10.8"]
[White "Stolar, Michal"]
[Black "Jancovicova, Tamara"]
[Result "1-0"]
[WhiteElo "1554"]
[BlackElo "1185"]
[PlyCount "125"]
[EventDate "2021.10.10"]
[EventType "team-tourn"]
[EventRounds "11"]
[EventCountry "SVK"]
[SourceTitle "EXT 2023"]
[Source "ChessBase"]
[SourceDate "2022.10.05"]
[SourceVersion "1"]
[SourceVersionDate "2022.10.05"]
[SourceQuality "1"]
[WhiteTeam "Piestany Kupele II"]
[BlackTeam "Vrbove"]
[WhiteTeamCountry "SVK"]
[BlackTeamCountry "SVK"]

1. c4 e5 2. Nc3 Nc6 3. g3 Bc5 4. e3 Nf6 5. Bg2 d6 6. Nge2 a6 7. a3 Be6 8. d3 Qd7 9. Nd5 Bxd5 10. cxd5 Ne7 11. e4 c6 12. b4 Bb6 13. Qb3 0-0 14. 0-0 cxd5 15. exd5 Rfc8 16. Be3 Ba7 17. Bxa7 Rxa7 18. Nc3 b5 19. Rac1 Rac7 20. Ne2 Rxc1 21. Rxc1 Rxc1+ 22. Nxc1 Qa7 23. Ne2 Ng4 24. d4 exd4 25. Qd3 Nf6 26. Nxd4 Qd7 27. Nc6 Nc8 28. h4 g6 29. Qd4 Ne8 30. Kh2 Ng7 31. Bh3 Nf5 32. Bxf5 Qxf5 33. Kg2 Qc2 34. Qf6 Qe4+ 35. Kh2 Qe8 36. Qd4 h5 37. Kg2 Kh7 38. Kf1 Qh8 39. Qxh8+ Kxh8 40. Nb8 Nb6 41. Nxa6 Nxd5 42. Ke2 Kg7 43. Kd3 Kf6 44. Kd4 Ke6 45. f3 f6 46. f4 f5 47. Nb8 Nb6 48. Na6 Nd5 49. Nb8 Nb6 50. Nc6 Kd7 51. Na7 Na4 52. Nxb5 Kc6 53. Nc3 Nb6 54. a4 Na8 55. b5+ Kc7 56. a5 Kb8 57. b6 Kb7 58. Kc4 Ka6 59. Kb4 Kb7 60. Kb5 Kb8 61. Nd5 Kb7 62. Ne7 Kb8 63. Nxg6 1-0

[Event "EU-ch Online U16 Girls"]
[Site "Tornelo INT"]
[Date "2020.09.19"]
[Round "5"]
[White "Jancovicova, Tamara"]
[Black "Anghel, Maria"]
[Result "0-1"]
[WhiteElo "1145"]
[BlackElo "1725"]
[PlyCount "92"]
[EventDate "2020.09.18"]
[EventType "swiss (rapid)"]
[EventRounds "9"]
[EventCountry "NET"]
[SourceTitle "EXT 2023"]
[Source "ChessBase"]
[SourceDate "2022.10.05"]
[SourceVersion "1"]
[SourceVersionDate "2022.10.05"]
[SourceQuality "1"]
[WhiteTeam "Slovakia"]
[BlackTeam "Romania"]
[WhiteTeamCountry "SVK"]
[BlackTeamCountry "ROU"]

1. e4 c6 2. Nf3 d5 3. Nc3 a6 4. d4 dxe4 5. Nxe4 Nf6 6. Nxf6+ exf6 7. Bf4 Bd6 8. Bxd6 Qxd6 9. Bc4 0-0 10. 0-0 Bg4 11. Qd3 Nd7 12. c3 Qf4 13. Qe3 Qd6 14. Bb3 Rfe8 15. Qd3 Nc5 16. Qc4 Nxb3 17. Qxb3 Bxf3 18. gxf3 Qf4 19. Kg2 f5 20. Rae1 b5 21. Qd1 Red8 22. Qc1 Qh4 23. Kh1 Rd6 24. Rg1 Qxf2 25. Qg5 Qxf3+ 26. Qg2 Qxg2+ 27. Rxg2 Re6 28. Rge2 Rae8 29. Rxe6 fxe6 30. Kg2 Kf7 31. Kg3 Kf6 32. Kf3 e5 33. h3 Re6 34. Rd1 e4+ 35. Kg3 g5 36. Re1 f4+ 37. Kg2 Kf5 38. Kf2 h5 39. Kg2 g4 40. hxg4+ hxg4 41. Kh2 e3 42. Kg1 f3 43. Kf1 g3 44. b3 e2+ 45. Kg1 f2+ 46. Kg2 fxe1Q 0-1

[Event "EU-ch Online U16 Girls"]
[Site "Tornelo INT"]
[Date "2020.09.18"]
[Round "3"]
[White "Jancovicova, Tamara"]
[Black "Tsotsonava, Elene"]
[Result "0-1"]
[WhiteElo "1145"]
[BlackElo "1687"]
[PlyCount "52"]
[EventDate "2020.09.18"]
[EventType "swiss (rapid)"]
[EventRounds "9"]
[EventCountry "NET"]
[SourceTitle "EXT 2023"]
[Source "ChessBase"]
[SourceDate "2022.10.05"]
[SourceVersion "1"]
[SourceVersionDate "2022.10.05"]
[SourceQuality "1"]
[WhiteTeam "Slovakia"]
[BlackTeam "Georgia"]
[WhiteTeamCountry "SVK"]
[BlackTeamCountry "GEO"]

1. e4 c5 2. Nf3 e6 3. Nc3 a6 4. d3 Nc6 5. g3 Be7 6. Bg2 Nf6 7. 0-0 d6 8. Re1 0-0 9. Be3 Qc7 10. Qd2 b5 11. a3 Bb7 12. d4 cxd4 13. Nxd4 Ne5 14. f4 Nc4 15. Qc1 Ng4 16. Bd2 Qb6 17. Nce2 Nxd2 18. Qxd2 e5 19. Bf3 exd4 20. Nxd4 Nf6 21. e5 Bxf3 22. exf6 Bxf6 23. Qf2 Bxd4 24. Rf1 Bxf2+ 25. Rxf2 Rfe8 26. Kf1 Re3 0-1

[Event "SVK-ch U14 Girls"]
[Site "Lubovna"]
[Date "2020.08.20"]
[Round "5"]
[White "Mackova, Hana"]
[Black "Jancovicova, Tamara"]
[Result "0-1"]
[WhiteElo "1022"]
[BlackElo "1156"]
[PlyCount "60"]
[EventDate "2020.08.15"]
[EventType "tourn"]
[EventRounds "7"]
[EventCountry "SVK"]
[SourceTitle "EXT 2021"]
[Source "ChessBase"]
[SourceDate "2020.10.23"]
[SourceVersion "1"]
[SourceVersionDate "2020.10.23"]
[SourceQuality "1"]

1. e4 e5 2. Nf3 Nc6 3. Bc4 Bc5 4. 0-0 Nf6 5. d4 exd4 6. e5 Ng8 7. Bf4 h6 8. Nbd2 d6 9. h3 Nge7 10. exd6 Bxd6 11. Bxd6 Qxd6 12. Re1 Bf5 13. Nb3 0-0 14. Nbxd4 Bd7 15. Qd3 Ng6 16. Rad1 Nf4 17. Qe4 Qf6 18. c3 Rfe8 19. Qc2 Nxd4 20. cxd4 Bf5 21. Qb3 Qg6 22. Nh4 Qf6 23. Bd5 c6 24. Nxf5 Qxf5 25. Bf3 Re6 26. Re3 Qg5 27. Bg4 Rg6 28. Qxb7 Rf8 29. Qe7 Qd5 30. g3 Qg2# 0-1

[Event "SVK-ch U12 Girls"]
[Site "Liptovsky Mikulas"]
[Date "2019.04.28"]
[Round "7"]
[White "Jancovicova, Tamara"]
[Black "Kovarikova, Maria"]
[Result "0-1"]
[WhiteElo "1000"]
[BlackElo "1745"]
[PlyCount "50"]
[EventDate "2019.04.23"]
[EventType "swiss"]
[EventRounds "9"]
[EventCountry "SVK"]
[SourceTitle "CBM 190 Extra"]
[Source "ChessBase"]
[SourceDate "2019.07.15"]
[SourceVersion "1"]
[SourceVersionDate "2019.07.15"]
[SourceQuality "1"]

1. e4 e5 2. Nf3 Nc6 3. Bb5 a6 4. Bxc6 dxc6 5. h3 f6 6. 0-0 Be6 7. c3 Bd6 8. d4 Ne7 9. Be3 Qd7 10. Nbd2 0-0-0 11. Re1 h6 12. Nf1 g5 13. g4 Ng6 14. N1h2 Nf4 15. Bxf4 gxf4 16. Qd3 h5 17. d5 Bf7 18. Kh1 hxg4 19. hxg4 cxd5 20. exd5 Qxg4 21. Rg1 Qh5 22. Rg2 e4 23. Qe2 exf3 24. Qf1 fxg2+ 25. Qxg2 Bxd5 0-1